<?xml version="1.0" encoding="UTF-8"?>
<record
    xmlns:xsi="http://www.w3.org/2001/XMLSchema-instance"
    xsi:schemaLocation="http://www.loc.gov/MARC21/slim http://www.loc.gov/standards/marcxml/schema/MARC21slim.xsd"
    xmlns="http://www.loc.gov/MARC21/slim">

  <leader>01701nam a22002897a 4500</leader>
  <controlfield tag="001">1363</controlfield>
  <controlfield tag="005">20230822100055.0</controlfield>
  <controlfield tag="008">230822b        cb ||||| |||| 00| 0 khr d</controlfield>
  <datafield tag="020" ind1=" " ind2=" ">
    <subfield code="a">9789995054809</subfield>
  </datafield>
  <datafield tag="040" ind1=" " ind2=" ">
    <subfield code="a">FISKH </subfield>
    <subfield code="b">eng</subfield>
    <subfield code="c">FISKH </subfield>
    <subfield code="d">FISKH </subfield>
  </datafield>
  <datafield tag="082" ind1=" " ind2=" ">
    <subfield code="a">796.15</subfield>
  </datafield>
  <datafield tag="100" ind1=" " ind2=" ">
    <subfield code="a">Tithseyha, Eam </subfield>
  </datafield>
  <datafield tag="245" ind1=" " ind2=" ">
    <subfield code="a">&#x179F;&#x17BB;&#x1781;&#x179B;&#x17B8;&#x200B; &#x1793;&#x17B7;&#x1784;&#x1781;&#x17D2;&#x179B;&#x17C2;&#x1784; </subfield>
    <subfield code="c">&#x1793;&#x17B7;&#x1796;&#x1793;&#x17D2;&#x1792;&#x178A;&#x17C4;&#x1799; &#x17A2;&#x17C0;&#x1798; &#x1791;&#x17B7;&#x178F;&#x17D2;&#x1799;&#x179F;&#x17B8;&#x17A0;&#x17B6; - &#x1782;&#x17BC;&#x179A;&#x179A;&#x17BC;&#x1794;&#x178A;&#x17C4;&#x1799; &#x17A2;&#x17CA;&#x17BB;&#x1780; &#x179A;&#x178A;&#x17D2;&#x178B;&#x17B6; </subfield>
  </datafield>
  <datafield tag="250" ind1=" " ind2=" ">
    <subfield code="a">&#x1794;&#x17C4;&#x17C7;&#x1796;&#x17BB;&#x1798;&#x17D2;&#x1796;&#x179B;&#x17BE;&#x1780;&#x1791;&#x17B8; &#x17E1;&#x17E0; &#x1798;&#x17C1;&#x179F;&#x17B6; &#x17E2;&#x17E0;&#x17E2;&#x17E2;</subfield>
  </datafield>
  <datafield tag="260" ind1=" " ind2=" ">
    <subfield code="a">Phnom Penh : </subfield>
    <subfield code="b">Sipar, </subfield>
    <subfield code="c">2022. </subfield>
  </datafield>
  <datafield tag="300" ind1=" " ind2=" ">
    <subfield code="a">21 pages : </subfield>
    <subfield code="b">color illustrations ; </subfield>
    <subfield code="c">24 cm</subfield>
  </datafield>
  <datafield tag="490" ind1=" " ind2=" ">
    <subfield code="a">&#x179A;&#x17BF;&#x1784;&#x178A;&#x17C6;&#x1794;&#x17BC;&#x1784;&#x17D7; </subfield>
  </datafield>
  <datafield tag="505" ind1=" " ind2=" ">
    <subfield code="a">M 
</subfield>
  </datafield>
  <datafield tag="520" ind1=" " ind2=" ">
    <subfield code="a">&#x179F;&#x17BB;&#x1781;&#x179B;&#x17B8;&#x1798;&#x17B6;&#x1793;&#x1781;&#x17D2;&#x179B;&#x17C2;&#x1784;&#x1798;&#x17BD;&#x1799; &#x1788;&#x17D2;&#x1798;&#x17C4;&#x17C7;&#x1798;&#x17C1;&#x17A2;&#x17C6;&#x1794;&#x17C5;&#x17D4; &#x1782;&#x17C1;&#x179F;&#x17D2;&#x179A;&#x179B;&#x17B6;&#x1789;&#x17CB;&#x1781;&#x17D2;&#x179B;&#x17C2;&#x1784;&#x1793;&#x17C4;&#x17C7;&#x178E;&#x17B6;&#x179F;&#x17CB;&#x17D4; &#x179B;&#x17D2;&#x1784;&#x17B6;&#x1785;&#x1798;&#x17BD;&#x1799; &#x1796;&#x17C1;&#x179B;&#x178A;&#x17C2;&#x179B;&#x179F;&#x17BB;&#x1781;&#x179B;&#x17B8;&#x1780;&#x17C6;&#x1796;&#x17BB;&#x1784;&#x1794;&#x1784;&#x17D2;&#x17A0;&#x17C4;&#x17C7;&#x1781;&#x17D2;&#x179B;&#x17C2;&#x1784;&#x179F;&#x17C1;&#x1784; &#x179F;&#x17D2;&#x179A;&#x17B6;&#x1794;&#x17CB;&#x178F;&#x17C2;&#x1798;&#x17B6;&#x1793;&#x1781;&#x17D2;&#x1799;&#x179B;&#x17CB;&#x1794;&#x1780;&#x17CB;&#x1799;&#x17C9;&#x17B6;&#x1784;&#x1781;&#x17D2;&#x179B;&#x17B6;&#x17C6;&#x1784; &#x1792;&#x17D2;&#x179C;&#x17BE;&#x17B3;&#x17D2;&#x1799;&#x1798;&#x17C1;&#x17A2;&#x17C6;&#x1794;&#x17C5;&#x17A0;&#x17BE;&#x179A;&#x1794;&#x17B6;&#x178F;&#x17CB;&#x1791;&#x17C5;&#x17D4; &#x1782;&#x17C1;&#x1796;&#x17B7;&#x1794;&#x17B6;&#x1780;&#x1785;&#x17B7;&#x178F;&#x17D2;&#x178F;&#x1781;&#x17D2;&#x179B;&#x17B6;&#x17C6;&#x1784;&#x178E;&#x17B6;&#x179F;&#x17CB;&#x17D4;</subfield>
  </datafield>
  <datafield tag="520" ind1=" " ind2=" ">
    <subfield code="a">Sokly has a kite called a butterfly. He loves that kite so much. One evening, while Sok Ly was flying a kite, a strong wind blew the butterfly away. He is very upset.</subfield>
  </datafield>
  <datafield tag="521" ind1=" " ind2=" ">
    <subfield code="a">510 
</subfield>
    <subfield code="b">Lexile estimate 
</subfield>
  </datafield>
  <datafield tag="521" ind1=" " ind2=" ">
    <subfield code="a">K
c</subfield>
    <subfield code="b">Raz-Plus 
</subfield>
  </datafield>
  <datafield tag="650" ind1=" " ind2=" ">
    <subfield code="a">&#x1781;&#x17D2;&#x179B;&#x17C2;&#x1784; </subfield>
    <subfield code="v">&#x179F;&#x17D2;&#x179A;&#x179B;&#x17B6;&#x1789;&#x17CB; </subfield>
    <subfield code="x">&#x1796;&#x17B7;&#x1794;&#x17B6;&#x1780;&#x1785;&#x17B7;&#x178F;&#x17D2;&#x178F;&#x200B;</subfield>
  </datafield>
  <datafield tag="650" ind1=" " ind2=" ">
    <subfield code="a">Kite </subfield>
    <subfield code="v">Love </subfield>
    <subfield code="x">Upset  </subfield>
  </datafield>
  <datafield tag="700" ind1=" " ind2=" ">
    <subfield code="a">Rotha, Ouk</subfield>
    <subfield code="c">illustrator </subfield>
  </datafield>
  <datafield tag="942" ind1=" " ind2=" ">
    <subfield code="2">ddc</subfield>
    <subfield code="c">BK</subfield>
    <subfield code="n">0</subfield>
  </datafield>
  <datafield tag="999" ind1=" " ind2=" ">
    <subfield code="c">1363</subfield>
    <subfield code="d">1363</subfield>
  </datafield>
  <datafield tag="952" ind1=" " ind2=" ">
    <subfield code="0">0</subfield>
    <subfield code="1">0</subfield>
    <subfield code="2">ddc</subfield>
    <subfield code="4">0</subfield>
    <subfield code="7">0</subfield>
    <subfield code="8">KH</subfield>
    <subfield code="a">001</subfield>
    <subfield code="b">001</subfield>
    <subfield code="c">KHRS</subfield>
    <subfield code="d">2023-08-22</subfield>
    <subfield code="l">0</subfield>
    <subfield code="o">TIT 796.15</subfield>
    <subfield code="p">2023-0308</subfield>
    <subfield code="r">2023-08-22 10:00:39</subfield>
    <subfield code="t">1</subfield>
    <subfield code="w">2023-08-22</subfield>
    <subfield code="y">KHB</subfield>
  </datafield>
  <datafield tag="952" ind1=" " ind2=" ">
    <subfield code="0">0</subfield>
    <subfield code="1">0</subfield>
    <subfield code="2">ddc</subfield>
    <subfield code="4">0</subfield>
    <subfield code="7">0</subfield>
    <subfield code="8">KH</subfield>
    <subfield code="a">001</subfield>
    <subfield code="b">001</subfield>
    <subfield code="c">KHRS</subfield>
    <subfield code="d">2023-08-22</subfield>
    <subfield code="l">0</subfield>
    <subfield code="o">TIT 796.15</subfield>
    <subfield code="p">2023-0309</subfield>
    <subfield code="r">2023-08-22 10:00:52</subfield>
    <subfield code="t">2</subfield>
    <subfield code="w">2023-08-22</subfield>
    <subfield code="y">KHB</subfield>
  </datafield>
  <datafield tag="952" ind1=" " ind2=" ">
    <subfield code="0">0</subfield>
    <subfield code="1">0</subfield>
    <subfield code="2">ddc</subfield>
    <subfield code="4">0</subfield>
    <subfield code="7">0</subfield>
    <subfield code="8">KH</subfield>
    <subfield code="a">001</subfield>
    <subfield code="b">001</subfield>
    <subfield code="c">OKHR</subfield>
    <subfield code="d">2024-06-27</subfield>
    <subfield code="l">0</subfield>
    <subfield code="o">TIT 796.15</subfield>
    <subfield code="p">FISBK072703</subfield>
    <subfield code="r">2024-06-27 11:17:33</subfield>
    <subfield code="t">3</subfield>
    <subfield code="w">2024-06-27</subfield>
    <subfield code="y">KHB</subfield>
  </datafield>
  <datafield tag="952" ind1=" " ind2=" ">
    <subfield code="0">0</subfield>
    <subfield code="1">0</subfield>
    <subfield code="2">ddc</subfield>
    <subfield code="4">0</subfield>
    <subfield code="7">0</subfield>
    <subfield code="8">KH</subfield>
    <subfield code="a">001</subfield>
    <subfield code="b">001</subfield>
    <subfield code="c">OKHR</subfield>
    <subfield code="d">2024-06-27</subfield>
    <subfield code="l">0</subfield>
    <subfield code="o">TIT 796.15</subfield>
    <subfield code="p">FISTKG1B036</subfield>
    <subfield code="r">2024-06-27 14:10:09</subfield>
    <subfield code="t">4</subfield>
    <subfield code="w">2024-06-27</subfield>
    <subfield code="y">KHB</subfield>
  </datafield>
  <datafield tag="952" ind1=" " ind2=" ">
    <subfield code="0">0</subfield>
    <subfield code="1">0</subfield>
    <subfield code="2">ddc</subfield>
    <subfield code="4">0</subfield>
    <subfield code="7">0</subfield>
    <subfield code="8">KH</subfield>
    <subfield code="a">001</subfield>
    <subfield code="b">001</subfield>
    <subfield code="c">OKHR</subfield>
    <subfield code="d">2024-06-27</subfield>
    <subfield code="l">0</subfield>
    <subfield code="o">TIT 796.15</subfield>
    <subfield code="p">FISTKG1B022</subfield>
    <subfield code="r">2024-06-27 14:23:44</subfield>
    <subfield code="t">5</subfield>
    <subfield code="w">2024-06-27</subfield>
    <subfield code="y">KHB</subfield>
  </datafield>
  <datafield tag="952" ind1=" " ind2=" ">
    <subfield code="0">0</subfield>
    <subfield code="1">0</subfield>
    <subfield code="2">ddc</subfield>
    <subfield code="4">0</subfield>
    <subfield code="7">0</subfield>
    <subfield code="8">KH</subfield>
    <subfield code="a">001</subfield>
    <subfield code="b">001</subfield>
    <subfield code="c">OKHR</subfield>
    <subfield code="d">2024-06-27</subfield>
    <subfield code="l">0</subfield>
    <subfield code="o">TIT 796.15</subfield>
    <subfield code="p">FISTK03650</subfield>
    <subfield code="r">2024-06-27 15:33:27</subfield>
    <subfield code="t">6</subfield>
    <subfield code="w">2024-06-27</subfield>
    <subfield code="y">KHB</subfield>
  </datafield>
  <datafield tag="952" ind1=" " ind2=" ">
    <subfield code="0">0</subfield>
    <subfield code="1">0</subfield>
    <subfield code="2">ddc</subfield>
    <subfield code="4">0</subfield>
    <subfield code="7">0</subfield>
    <subfield code="8">KH</subfield>
    <subfield code="a">001</subfield>
    <subfield code="b">001</subfield>
    <subfield code="c">OKHR</subfield>
    <subfield code="d">2024-06-27</subfield>
    <subfield code="l">0</subfield>
    <subfield code="o">TIT 796.15</subfield>
    <subfield code="p">FISTKKB063</subfield>
    <subfield code="r">2024-06-27 15:34:25</subfield>
    <subfield code="t">7</subfield>
    <subfield code="w">2024-06-27</subfield>
    <subfield code="y">KHB</subfield>
  </datafield>
  <datafield tag="952" ind1=" " ind2=" ">
    <subfield code="0">0</subfield>
    <subfield code="1">0</subfield>
    <subfield code="2">ddc</subfield>
    <subfield code="4">0</subfield>
    <subfield code="7">0</subfield>
    <subfield code="8">KH</subfield>
    <subfield code="a">001</subfield>
    <subfield code="b">001</subfield>
    <subfield code="c">OKHR</subfield>
    <subfield code="d">2024-07-08</subfield>
    <subfield code="l">0</subfield>
    <subfield code="o">TIT 796.15</subfield>
    <subfield code="p">FISTKKA051</subfield>
    <subfield code="r">2024-07-08 10:04:46</subfield>
    <subfield code="t">8</subfield>
    <subfield code="w">2024-07-08</subfield>
    <subfield code="y">KHB</subfield>
  </datafield>
  <datafield tag="952" ind1=" " ind2=" ">
    <subfield code="0">0</subfield>
    <subfield code="1">0</subfield>
    <subfield code="2">ddc</subfield>
    <subfield code="4">0</subfield>
    <subfield code="7">0</subfield>
    <subfield code="8">KH</subfield>
    <subfield code="a">001</subfield>
    <subfield code="b">001</subfield>
    <subfield code="c">OKHR</subfield>
    <subfield code="d">2024-07-08</subfield>
    <subfield code="l">0</subfield>
    <subfield code="o">TIT 796.15</subfield>
    <subfield code="p">FISTKKA050</subfield>
    <subfield code="r">2024-07-08 10:15:45</subfield>
    <subfield code="t">9</subfield>
    <subfield code="w">2024-07-08</subfield>
    <subfield code="y">KHB</subfield>
  </datafield>
  <datafield tag="952" ind1=" " ind2=" ">
    <subfield code="0">0</subfield>
    <subfield code="1">0</subfield>
    <subfield code="2">ddc</subfield>
    <subfield code="4">0</subfield>
    <subfield code="7">0</subfield>
    <subfield code="8">KH</subfield>
    <subfield code="a">001</subfield>
    <subfield code="b">001</subfield>
    <subfield code="c">OKHR</subfield>
    <subfield code="d">2024-07-08</subfield>
    <subfield code="l">0</subfield>
    <subfield code="o">TIT 796.15</subfield>
    <subfield code="p">FISBK04082</subfield>
    <subfield code="r">2024-07-08 10:26:26</subfield>
    <subfield code="t">10</subfield>
    <subfield code="w">2024-07-08</subfield>
    <subfield code="y">KHB</subfield>
  </datafield>
  <datafield tag="952" ind1=" " ind2=" ">
    <subfield code="0">0</subfield>
    <subfield code="1">0</subfield>
    <subfield code="2">ddc</subfield>
    <subfield code="4">0</subfield>
    <subfield code="7">0</subfield>
    <subfield code="8">KH</subfield>
    <subfield code="a">001</subfield>
    <subfield code="b">001</subfield>
    <subfield code="c">OKHR</subfield>
    <subfield code="d">2024-07-08</subfield>
    <subfield code="l">0</subfield>
    <subfield code="o">TIT 796.15</subfield>
    <subfield code="p">FISTKKB060</subfield>
    <subfield code="r">2024-07-08 10:26:43</subfield>
    <subfield code="t">11</subfield>
    <subfield code="w">2024-07-08</subfield>
    <subfield code="y">KHB</subfield>
  </datafield>
  <datafield tag="952" ind1=" " ind2=" ">
    <subfield code="0">0</subfield>
    <subfield code="1">0</subfield>
    <subfield code="2">ddc</subfield>
    <subfield code="4">0</subfield>
    <subfield code="7">0</subfield>
    <subfield code="8">KH</subfield>
    <subfield code="a">001</subfield>
    <subfield code="b">001</subfield>
    <subfield code="c">OKHR</subfield>
    <subfield code="d">2024-07-08</subfield>
    <subfield code="l">0</subfield>
    <subfield code="o">TIT 796.15</subfield>
    <subfield code="p">FISTKKB059</subfield>
    <subfield code="r">2024-07-08 10:27:00</subfield>
    <subfield code="t">12</subfield>
    <subfield code="w">2024-07-08</subfield>
    <subfield code="y">KHB</subfield>
  </datafield>
  <datafield tag="952" ind1=" " ind2=" ">
    <subfield code="0">0</subfield>
    <subfield code="1">0</subfield>
    <subfield code="2">ddc</subfield>
    <subfield code="4">0</subfield>
    <subfield code="7">0</subfield>
    <subfield code="8">KH</subfield>
    <subfield code="a">001</subfield>
    <subfield code="b">001</subfield>
    <subfield code="c">OKHR</subfield>
    <subfield code="d">2024-07-08</subfield>
    <subfield code="l">0</subfield>
    <subfield code="o">TIT 796.15</subfield>
    <subfield code="p">FISTKKB061</subfield>
    <subfield code="r">2024-07-08 10:27:17</subfield>
    <subfield code="t">13</subfield>
    <subfield code="w">2024-07-08</subfield>
    <subfield code="y">KHB</subfield>
  </datafield>
  <datafield tag="952" ind1=" " ind2=" ">
    <subfield code="0">0</subfield>
    <subfield code="1">0</subfield>
    <subfield code="2">ddc</subfield>
    <subfield code="4">0</subfield>
    <subfield code="7">0</subfield>
    <subfield code="8">KH</subfield>
    <subfield code="a">001</subfield>
    <subfield code="b">001</subfield>
    <subfield code="c">OKHR</subfield>
    <subfield code="d">2024-07-08</subfield>
    <subfield code="l">1</subfield>
    <subfield code="o">TIT 796.15</subfield>
    <subfield code="p">FISTKG2A009</subfield>
    <subfield code="q">2026-04-15</subfield>
    <subfield code="r">2026-04-01 08:18:46</subfield>
    <subfield code="s">2026-04-01</subfield>
    <subfield code="t">14</subfield>
    <subfield code="w">2024-07-08</subfield>
    <subfield code="y">KHB</subfield>
  </datafield>
  <datafield tag="952" ind1=" " ind2=" ">
    <subfield code="0">0</subfield>
    <subfield code="1">0</subfield>
    <subfield code="2">ddc</subfield>
    <subfield code="4">0</subfield>
    <subfield code="7">0</subfield>
    <subfield code="8">KH</subfield>
    <subfield code="a">001</subfield>
    <subfield code="b">001</subfield>
    <subfield code="c">KHRS</subfield>
    <subfield code="d">2024-07-08</subfield>
    <subfield code="l">0</subfield>
    <subfield code="o">TIT 796.15</subfield>
    <subfield code="p">2024-0922</subfield>
    <subfield code="r">2024-07-08 10:28:01</subfield>
    <subfield code="t">15</subfield>
    <subfield code="w">2024-07-08</subfield>
    <subfield code="y">KHB</subfield>
  </datafield>
  <datafield tag="952" ind1=" " ind2=" ">
    <subfield code="0">0</subfield>
    <subfield code="1">0</subfield>
    <subfield code="2">ddc</subfield>
    <subfield code="4">0</subfield>
    <subfield code="7">0</subfield>
    <subfield code="8">KH</subfield>
    <subfield code="a">001</subfield>
    <subfield code="b">001</subfield>
    <subfield code="c">OKHR</subfield>
    <subfield code="d">2024-07-08</subfield>
    <subfield code="l">0</subfield>
    <subfield code="o">TIT 796.15</subfield>
    <subfield code="p">FISTKKA048</subfield>
    <subfield code="r">2024-07-08 10:28:21</subfield>
    <subfield code="t">16</subfield>
    <subfield code="w">2024-07-08</subfield>
    <subfield code="y">KHB</subfield>
  </datafield>
  <datafield tag="952" ind1=" " ind2=" ">
    <subfield code="0">0</subfield>
    <subfield code="1">0</subfield>
    <subfield code="2">ddc</subfield>
    <subfield code="4">0</subfield>
    <subfield code="7">0</subfield>
    <subfield code="8">KH</subfield>
    <subfield code="a">001</subfield>
    <subfield code="b">001</subfield>
    <subfield code="c">OKHR</subfield>
    <subfield code="d">2024-07-08</subfield>
    <subfield code="l">0</subfield>
    <subfield code="o">TIT 796.15</subfield>
    <subfield code="p">FISTK03652</subfield>
    <subfield code="r">2024-07-08 10:28:38</subfield>
    <subfield code="t">17</subfield>
    <subfield code="w">2024-07-08</subfield>
    <subfield code="y">KHB</subfield>
  </datafield>
  <datafield tag="952" ind1=" " ind2=" ">
    <subfield code="0">0</subfield>
    <subfield code="1">0</subfield>
    <subfield code="2">ddc</subfield>
    <subfield code="4">0</subfield>
    <subfield code="7">0</subfield>
    <subfield code="8">KH</subfield>
    <subfield code="a">001</subfield>
    <subfield code="b">001</subfield>
    <subfield code="c">OKHR</subfield>
    <subfield code="d">2024-07-08</subfield>
    <subfield code="l">0</subfield>
    <subfield code="o">TIT 796.15</subfield>
    <subfield code="p">FISTKKA052</subfield>
    <subfield code="r">2024-07-08 10:30:55</subfield>
    <subfield code="t">18</subfield>
    <subfield code="w">2024-07-08</subfield>
    <subfield code="y">KHB</subfield>
  </datafield>
  <datafield tag="952" ind1=" " ind2=" ">
    <subfield code="0">0</subfield>
    <subfield code="1">0</subfield>
    <subfield code="2">ddc</subfield>
    <subfield code="4">0</subfield>
    <subfield code="7">0</subfield>
    <subfield code="8">KH</subfield>
    <subfield code="a">001</subfield>
    <subfield code="b">001</subfield>
    <subfield code="c">OKHR</subfield>
    <subfield code="d">2024-07-08</subfield>
    <subfield code="l">0</subfield>
    <subfield code="o">TIT 796.15</subfield>
    <subfield code="p">FISTKG3A149</subfield>
    <subfield code="r">2024-07-08 10:31:52</subfield>
    <subfield code="t">19</subfield>
    <subfield code="w">2024-07-08</subfield>
    <subfield code="y">KHB</subfield>
  </datafield>
  <datafield tag="952" ind1=" " ind2=" ">
    <subfield code="0">0</subfield>
    <subfield code="1">0</subfield>
    <subfield code="2">ddc</subfield>
    <subfield code="4">0</subfield>
    <subfield code="7">0</subfield>
    <subfield code="8">KH</subfield>
    <subfield code="a">001</subfield>
    <subfield code="b">001</subfield>
    <subfield code="c">OKHR</subfield>
    <subfield code="d">2024-07-08</subfield>
    <subfield code="l">0</subfield>
    <subfield code="o">TIT 796.15</subfield>
    <subfield code="p">FISTKKA049</subfield>
    <subfield code="r">2024-07-08 10:39:48</subfield>
    <subfield code="t">20</subfield>
    <subfield code="w">2024-07-08</subfield>
    <subfield code="y">KHB</subfield>
  </datafield>
  <datafield tag="952" ind1=" " ind2=" ">
    <subfield code="0">0</subfield>
    <subfield code="1">0</subfield>
    <subfield code="2">ddc</subfield>
    <subfield code="4">0</subfield>
    <subfield code="7">0</subfield>
    <subfield code="8">KH</subfield>
    <subfield code="a">001</subfield>
    <subfield code="b">001</subfield>
    <subfield code="c">OKHR</subfield>
    <subfield code="d">2024-07-08</subfield>
    <subfield code="l">0</subfield>
    <subfield code="o">TIT 796.15</subfield>
    <subfield code="p">FISBK04147</subfield>
    <subfield code="r">2024-07-08 10:40:24</subfield>
    <subfield code="t">21</subfield>
    <subfield code="w">2024-07-08</subfield>
    <subfield code="y">KHB</subfield>
  </datafield>
  <datafield tag="952" ind1=" " ind2=" ">
    <subfield code="0">0</subfield>
    <subfield code="1">0</subfield>
    <subfield code="2">ddc</subfield>
    <subfield code="4">0</subfield>
    <subfield code="7">0</subfield>
    <subfield code="8">KH</subfield>
    <subfield code="a">001</subfield>
    <subfield code="b">001</subfield>
    <subfield code="c">OKHR</subfield>
    <subfield code="d">2024-07-12</subfield>
    <subfield code="l">0</subfield>
    <subfield code="o">TIT 796.15</subfield>
    <subfield code="p">FISTKG2B037</subfield>
    <subfield code="r">2024-07-12 15:08:20</subfield>
    <subfield code="t">22</subfield>
    <subfield code="w">2024-07-12</subfield>
    <subfield code="y">KHB</subfield>
  </datafield>
  <datafield tag="952" ind1=" " ind2=" ">
    <subfield code="0">0</subfield>
    <subfield code="1">0</subfield>
    <subfield code="2">ddc</subfield>
    <subfield code="4">0</subfield>
    <subfield code="7">0</subfield>
    <subfield code="8">KH</subfield>
    <subfield code="a">001</subfield>
    <subfield code="b">001</subfield>
    <subfield code="c">OKHR</subfield>
    <subfield code="d">2024-07-12</subfield>
    <subfield code="l">1</subfield>
    <subfield code="o">TIT 796.15</subfield>
    <subfield code="p">FISTKG2B009</subfield>
    <subfield code="r">2025-11-13 14:46:15</subfield>
    <subfield code="s">2025-08-22</subfield>
    <subfield code="t">23</subfield>
    <subfield code="w">2024-07-12</subfield>
    <subfield code="y">KHB</subfield>
  </datafield>
  <datafield tag="952" ind1=" " ind2=" ">
    <subfield code="0">0</subfield>
    <subfield code="1">0</subfield>
    <subfield code="2">ddc</subfield>
    <subfield code="4">0</subfield>
    <subfield code="7">0</subfield>
    <subfield code="8">KH</subfield>
    <subfield code="a">001</subfield>
    <subfield code="b">001</subfield>
    <subfield code="c">OKHR</subfield>
    <subfield code="d">2024-09-17</subfield>
    <subfield code="l">0</subfield>
    <subfield code="o">TIT 796.15</subfield>
    <subfield code="p">FISTK04009</subfield>
    <subfield code="r">2024-09-17 08:23:44</subfield>
    <subfield code="t">24</subfield>
    <subfield code="w">2024-09-17</subfield>
    <subfield code="y">KHB</subfield>
  </datafield>
  <datafield tag="952" ind1=" " ind2=" ">
    <subfield code="0">0</subfield>
    <subfield code="1">0</subfield>
    <subfield code="2">ddc</subfield>
    <subfield code="4">0</subfield>
    <subfield code="7">0</subfield>
    <subfield code="8">KH</subfield>
    <subfield code="a">002</subfield>
    <subfield code="b">002</subfield>
    <subfield code="c">TTP Khmer</subfield>
    <subfield code="d">2024-09-17</subfield>
    <subfield code="l">2</subfield>
    <subfield code="o">TIT 796.15</subfield>
    <subfield code="p">FIS072172</subfield>
    <subfield code="r">2026-01-08 14:55:16</subfield>
    <subfield code="s">2025-12-18</subfield>
    <subfield code="t">25</subfield>
    <subfield code="w">2024-09-17</subfield>
    <subfield code="y">KHB</subfield>
  </datafield>
  <datafield tag="952" ind1=" " ind2=" ">
    <subfield code="0">0</subfield>
    <subfield code="1">0</subfield>
    <subfield code="2">ddc</subfield>
    <subfield code="4">0</subfield>
    <subfield code="7">0</subfield>
    <subfield code="8">KH</subfield>
    <subfield code="a">002</subfield>
    <subfield code="b">002</subfield>
    <subfield code="c">TTP Khmer</subfield>
    <subfield code="d">2025-10-03</subfield>
    <subfield code="l">0</subfield>
    <subfield code="o">TIT 796.15</subfield>
    <subfield code="p">FISBK072656</subfield>
    <subfield code="r">2025-10-03 12:26:59</subfield>
    <subfield code="t">26</subfield>
    <subfield code="w">2025-10-03</subfield>
    <subfield code="y">KHB</subfield>
  </datafield>
  <datafield tag="952" ind1=" " ind2=" ">
    <subfield code="0">0</subfield>
    <subfield code="1">0</subfield>
    <subfield code="2">ddc</subfield>
    <subfield code="4">0</subfield>
    <subfield code="7">0</subfield>
    <subfield code="8">KH</subfield>
    <subfield code="a">002</subfield>
    <subfield code="b">002</subfield>
    <subfield code="c">TTP Khmer</subfield>
    <subfield code="d">2025-10-23</subfield>
    <subfield code="l">0</subfield>
    <subfield code="o">TIT 796.15</subfield>
    <subfield code="p">FIS02084</subfield>
    <subfield code="r">2025-10-23 14:55:25</subfield>
    <subfield code="t">27</subfield>
    <subfield code="w">2025-10-23</subfield>
    <subfield code="y">KHB</subfield>
  </datafield>
  <datafield tag="952" ind1=" " ind2=" ">
    <subfield code="0">0</subfield>
    <subfield code="1">0</subfield>
    <subfield code="2">ddc</subfield>
    <subfield code="4">0</subfield>
    <subfield code="7">0</subfield>
    <subfield code="8">KH</subfield>
    <subfield code="a">002</subfield>
    <subfield code="b">002</subfield>
    <subfield code="c">TTP Khmer</subfield>
    <subfield code="d">2025-10-24</subfield>
    <subfield code="l">0</subfield>
    <subfield code="o">TIT 796.15</subfield>
    <subfield code="p">FISTKKB062</subfield>
    <subfield code="r">2025-10-24 15:28:30</subfield>
    <subfield code="t">28</subfield>
    <subfield code="w">2025-10-24</subfield>
    <subfield code="y">KHB</subfield>
  </datafield>
  <datafield tag="952" ind1=" " ind2=" ">
    <subfield code="0">0</subfield>
    <subfield code="1">0</subfield>
    <subfield code="2">ddc</subfield>
    <subfield code="4">0</subfield>
    <subfield code="7">0</subfield>
    <subfield code="8">KH</subfield>
    <subfield code="a">002</subfield>
    <subfield code="b">002</subfield>
    <subfield code="c">TTP Khmer</subfield>
    <subfield code="d">2025-11-10</subfield>
    <subfield code="l">1</subfield>
    <subfield code="o">TIT 796.15</subfield>
    <subfield code="p">2025-4779</subfield>
    <subfield code="r">2026-02-27 15:33:46</subfield>
    <subfield code="s">2026-02-02</subfield>
    <subfield code="t">29</subfield>
    <subfield code="w">2025-11-10</subfield>
    <subfield code="y">KHB</subfield>
  </datafield>
  <datafield tag="952" ind1=" " ind2=" ">
    <subfield code="0">0</subfield>
    <subfield code="1">0</subfield>
    <subfield code="2">ddc</subfield>
    <subfield code="4">0</subfield>
    <subfield code="7">0</subfield>
    <subfield code="8">KH</subfield>
    <subfield code="a">002</subfield>
    <subfield code="b">002</subfield>
    <subfield code="c">TTP Khmer</subfield>
    <subfield code="d">2025-11-11</subfield>
    <subfield code="l">0</subfield>
    <subfield code="o">TIT 796.15</subfield>
    <subfield code="p">FIS01982</subfield>
    <subfield code="r">2025-11-11 14:14:39</subfield>
    <subfield code="t">30</subfield>
    <subfield code="w">2025-11-11</subfield>
    <subfield code="y">KHB</subfield>
  </datafield>
  <datafield tag="952" ind1=" " ind2=" ">
    <subfield code="0">0</subfield>
    <subfield code="1">0</subfield>
    <subfield code="2">ddc</subfield>
    <subfield code="4">0</subfield>
    <subfield code="7">0</subfield>
    <subfield code="8">KH</subfield>
    <subfield code="a">002</subfield>
    <subfield code="b">002</subfield>
    <subfield code="c">TTP Khmer</subfield>
    <subfield code="d">2025-11-21</subfield>
    <subfield code="l">0</subfield>
    <subfield code="o">TIT 796.15</subfield>
    <subfield code="p">2025-4886</subfield>
    <subfield code="r">2025-11-21 14:33:29</subfield>
    <subfield code="t">31</subfield>
    <subfield code="w">2025-11-21</subfield>
    <subfield code="y">KHB</subfield>
  </datafield>
  <datafield tag="952" ind1=" " ind2=" ">
    <subfield code="0">0</subfield>
    <subfield code="1">0</subfield>
    <subfield code="2">ddc</subfield>
    <subfield code="4">0</subfield>
    <subfield code="7">0</subfield>
    <subfield code="8">KH</subfield>
    <subfield code="a">002</subfield>
    <subfield code="b">002</subfield>
    <subfield code="c">TTP Khmer</subfield>
    <subfield code="d">2025-12-08</subfield>
    <subfield code="l">0</subfield>
    <subfield code="o">TIT 796.15</subfield>
    <subfield code="p">2025-5079</subfield>
    <subfield code="r">2025-12-08 15:19:56</subfield>
    <subfield code="t">32</subfield>
    <subfield code="w">2025-12-08</subfield>
    <subfield code="y">KHB</subfield>
  </datafield>
</record>
